000 00351nam a2200133 a 4500
005 20140414132100.0
008 100702s19uu xx 00 eng d
050 _aTR 513.211
_bN971 2004
245 _aNumbers.
260 _aMalaysia :
_bLittle Sun Sdn. Bhd.
440 _aKindergarten series
650 _aMathematics-numbers-order
999 _c114442
_d114442